00893cam a2200265 a 450000100090000000300040000900500170001300800410003001000170007102000150008804000180010304200150012104300120013608200190014824501150016726000460028230000290032850400560035765000310041370000310044470000270047570000200050271000210052285600840054317036683OSt20230531170028.0111107s2011 ke b 000 0 eng  a 2011343875 z9966153258 aDLCcDLCdDLC alcodeapcc af-ke--- a342.0246762LUM04aThe constitution of Kenya :bcontemporary readings /ceditors, M.K. Mbondenyi, P.L.O. Lumumba, Steve O. Odero. aNairobi, Kenya :bLawAfrica Pub.,cc2011. axxxvii, 340 p. ;c21 cm. aIncludes bibliographical references (p. [307]-340). 0aConstitutional lawzKenya.1 aMbondenyi, Morris Kiwinda.1 aLumumba, Patrick L. O.1 aOdero, Steve O.2 aLawAfrica (Firm)413Table of contents onlyuhttp://www.loc.gov/catdir/toc/fy13pdf02/2011343875.html